| 000 | 00327nam a2200121Ia 4500 | ||
|---|---|---|---|
| 008 | 230907s9999||||xx |||||||||||||| ||und|| | ||
| 082 |
_a604.2 _bFRE |
||
| 100 |
_aFrench, Thomas Ewing, _93515 |
||
| 245 | 0 | _aEngineering drawing and graphic technology | |
| 260 |
_aMcGraw-Hill, _bChenai : _c2017 |
||
| 300 | _a745 p. | ||
| 942 | _cBK | ||
| 999 |
_c600263 _d600263 |
||